<?xml version="1.0" encoding="UTF-8"?>
<record
    xmlns:xsi="http://www.w3.org/2001/XMLSchema-instance"
    xsi:schemaLocation="http://www.loc.gov/MARC21/slim http://www.loc.gov/standards/marcxml/schema/MARC21slim.xsd"
    xmlns="http://www.loc.gov/MARC21/slim">

  <leader>01074nam a22001697a 4500</leader>
  <controlfield tag="008">120814t        xxu||||| |||| 00| 0 eng d</controlfield>
  <datafield tag="020" ind1=" " ind2=" ">
    <subfield code="a">0394354273</subfield>
  </datafield>
  <datafield tag="050" ind1=" " ind2=" ">
    <subfield code="a">HM 51.R51</subfield>
  </datafield>
  <datafield tag="100" ind1=" " ind2=" ">
    <subfield code="a">Ritzer, George</subfield>
  </datafield>
  <datafield tag="245" ind1=" " ind2=" ">
    <subfield code="a">Social problems. /</subfield>
    <subfield code="c">George Ritzer</subfield>
  </datafield>
  <datafield tag="250" ind1=" " ind2=" ">
    <subfield code="a">2nd ed.</subfield>
  </datafield>
  <datafield tag="260" ind1=" " ind2=" ">
    <subfield code="a">New York:</subfield>
    <subfield code="b">Random House,</subfield>
    <subfield code="c">c1975.</subfield>
  </datafield>
  <datafield tag="300" ind1=" " ind2=" ">
    <subfield code="a">viii, 632p. :</subfield>
    <subfield code="b">ill. ;</subfield>
    <subfield code="c">24cm.</subfield>
  </datafield>
  <datafield tag="505" ind1=" " ind2=" ">
    <subfield code="a">Contents: Analyzing social problems: Social problems and social science -- Doing social problems research -- Deviant behavior: Problems with drugs and alcohol -- Mental illness -- Crime -- Family and sexual violence -- Aging, by Jill Quadagno -- Problems of conflict and inequality: Majority and minority relations -- Gender inequality -- Poverty -- Problems of human progress: Problems of the economy and in the workplace -- Problems in health care, by peter conrad -- Urban problems, by Richard S. Krannich -- Population problems -- Ecological problems -- Militarism and international political economy, by Robert J. Antonio and Patrick J. Akard.</subfield>
  </datafield>
  <datafield tag="650" ind1=" " ind2=" ">
    <subfield code="b">Sociology.</subfield>
  </datafield>
  <datafield tag="942" ind1=" " ind2=" ">
    <subfield code="2">lcc</subfield>
    <subfield code="c">BK</subfield>
  </datafield>
  <datafield tag="999" ind1=" " ind2=" ">
    <subfield code="c">2006</subfield>
    <subfield code="d">9506</subfield>
  </datafield>
  <datafield tag="952" ind1=" " ind2=" ">
    <subfield code="0">0</subfield>
    <subfield code="1">0</subfield>
    <subfield code="2">lcc</subfield>
    <subfield code="4">0</subfield>
    <subfield code="7">0</subfield>
    <subfield code="a">WIUC-1</subfield>
    <subfield code="b">WIUC-1</subfield>
    <subfield code="c">GEN</subfield>
    <subfield code="d">2012-08-14</subfield>
    <subfield code="l">0</subfield>
    <subfield code="o">HM 51.R51</subfield>
    <subfield code="p">3683/12</subfield>
    <subfield code="r">2012-08-14 00:00:00</subfield>
    <subfield code="w">2012-08-14</subfield>
    <subfield code="y">BK</subfield>
  </datafield>
</record>
